Регионална библиотека "Любен Каравелов" - Русе

Избрани стихотворения (Запис номер 174508)

MARC детайли
000 -Лидер
Контролно поле с фиксирана дължина 01073nam a2200289 c 4500
003 - Код на организацията, давaща контролен номер
Контролно поле BLK
005 - Дата и час на последна редакция
Контролно поле 20230406030256.0
008 - Елементи от данни с фиксирана дължина
fixed length control field 180411b bul|||||r ||||||| ||bul||
010 ## - Наследен системен номер
LC control number KNG00182994000
040 ## - Източник на каталожния запис
Идентификатор на билиотеката - собственик на записа BLK
041 ## - Код за език
Код за езика на текст/звукозапис или на отделно заглавие Български
Код за езика КДБФ Български
080 ## - УДК
Текстов определител УДК Българска литература
УДК код - определител по УДК 821.163.2
УДК определител -1
УДК - код + определител 821.163.2-1
139 ## - Редно поле
Редна дума Христов, Кирил
Авторски знак Христов - Х 78
245 10 - Сведения за заглавието
Заглавие Избрани стихотворения
Редно поле (дума) Кирил Христов; подб. и предг. Кръстьо Куюмджиев.
257 ## - Страна на издаване
Страна на създаване/издаване България
260 ## - Област на издателските данни
-- София
Име на издателя, разпространителя и проч. Бълг. писател
Година на издаване 1968
300 ## - Физическа характеристика
Страници 196 с.
Размери/Мащаб 25 см
380 ## - Жанр
Жанр Худож. лит.
490 1# - СЕРИИ (Колекции)
Име на серия Библиотека за ученика
700 1# - Други автори (авторска отговорност)
Лично име Куюмджиев, Кръстьо
Автороска отговорност (Описва отношението между автора и произведението) подб. и предг.
9 (RLIN) 376214
852 ## - Местоположение
Форматна сигнатура Цб 46264
856 4# - Електронен адрес и достъп
Електронен формат pdf - файл
Път до файла /url/
856 4# - Електронен адрес и достъп
Електронен формат pdf - файл
Път до файла /url/
942 ## - АРТИКУЛИ
Вид на библиотечния материал Книги
Скрит в OPAC Не
944 ## - СЪЗДАВАНЕ И РЕДАКЦИЯ на ЗАПИСА
Създаване/Редакция Създаване
Дата на регистрацията/редакция 30.09.2015
Служител, извършил регистрацията/редакцията Христина_Везирева
944 ## - СЪЗДАВАНЕ И РЕДАКЦИЯ на ЗАПИСА
Създаване/Редакция Редакция
Дата на регистрацията/редакция 21.09.2017
Служител, извършил регистрацията/редакцията Вася_Ганчева
999 ## - СИСТЕМНИ КОНТРОЛНИ НОМЕРА
Koha biblionumber 174508
Koha biblioitemnumber 174508
Наличности
Код за отписване Код за изгубен артикул Източник на класификационната схема Код за повреда Коз за рестрикции Код за отдаване Артикулен № Име на библиотеката - собственик Име на библиотеката, в която се намира в момента Статус (Текущо местоположение) Дата на вписване в системата Местоположение - отдел Цена в лева Инвентарен номер Систематично азбучна сигнатура Баркод Номер на екземпляра Цена в евро Служебна бележка Служебен тип на артикула Бележка за публиката
  Не е изгубен Universal Decimal Classification Не е повреден без рестрикции ползва се в читалня 299628 Регионална библиотека "Любен Каравелов" Русе Регионална библиотека "Любен Каравелов" Русе Хранилище 1968-01-01 Хранилище 0.34 11248/68 Цб 46264 900000104641 1 0.17 Вид: Сф N: стар фонд Дата: 01.01.1968 Книги  
Изтеглен Не е изгубен Universal Decimal Classification Не е повреден без рестрикции заемане за дома 299629 Регионална библиотека "Любен Каравелов" Русе Регионална библиотека "Любен Каравелов" Русе Заемна - подръчен фонд 1968-01-01 Заемна - подръчен фонд 0.34 11856/68 П 886.7-1/Х 78 11856/68 2 0.17 Вид: Сф N: стар фонд Дата: 01.01.1968 Книги  
Изтеглен Не е изгубен   Не е повреден без рестрикции заемане за дома 299630 Регионална библиотека "Любен Каравелов" Русе Регионална библиотека "Любен Каравелов" Русе Заемна - подръчен фонд 1968-01-01 Заемна - подръчен фонд 0.34 11857/68 П 886.7-1/Х 78 11857/68 3 0.17 Вид: Сф N: стар фонд Дата: 01.01.1968 Дата инв: 21.03.2018 Бележки инв: П2018 Книги  
Изтеглен Не е изгубен   Не е повреден без рестрикции заемане за дома 299631 Регионална библиотека "Любен Каравелов" Русе Регионална библиотека "Любен Каравелов" Русе Заемна - подръчен фонд 1968-01-01 Заемна - подръчен фонд 0.34 11858/68 П 886.7-1/Х 78 11858/68 4 0.17 Вид: Сф N: стар фонд Дата: 01.01.1968 Дата инв: 14.02.2018 Бележки инв: П2018 Книги  
Изтеглен Не е изгубен Universal Decimal Classification Не е повреден без рестрикции заемане за дома 299632 Регионална библиотека "Любен Каравелов" Русе Регионална библиотека "Любен Каравелов" Русе Заемна - подръчен фонд 1968-01-01 Заемна - подръчен фонд   11859/68 П 886.7-1/Х 78 11859/68 5 0.00 Вид: Сф N: стар фонд Дата: 01.01.1968 Книги  
Изтеглен Не е изгубен   Не е повреден без рестрикции заемане за дома 299633 Регионална библиотека "Любен Каравелов" Русе Регионална библиотека "Любен Каравелов" Русе   1968-01-01 Детски отдел 0.34 12011/68 ДХ 886.7/Х 78 12011/68 6 0.17 Вид: Сф N: стар фонд Дата: 01.01.1968 Дата инв: 05.10.2015 Бележки инв: Д2015 Книги Отч.N: 36/2017 , Дата: 05.09.2017
Vip Innovations Ltd, Rousse, Bulgaria 2025